| 000 | 01409nam a2200337Ia 4500 | ||
|---|---|---|---|
| 001 | ebr10091940 | ||
| 003 | CaPaEBR | ||
| 006 | m u | ||
| 007 | cr cn||||||||| | ||
| 008 | 041203s2005 ohuab sb s001 0 eng d | ||
| 010 | _z 04028718 | ||
| 020 | _z0821441558 | ||
| 020 | _z0821416138 (cloth : alk. paper) | ||
| 020 | _z0821416146 (pbk. : alk. paper) | ||
| 040 |
_aCaPaEBR _cCaPaEBR |
||
| 035 | _a(OCoLC)84683603 | ||
| 050 | 1 | 4 |
_aS625.L4 _bS56 2005eb |
| 100 | 1 | _aShowers, Kate Barger. | |
| 245 | 1 | 0 |
_aImperial gullies _h[electronic resource] : _bsoil erosion and conservation in Lesotho / _cKate B. Showers. |
| 260 |
_aAthens : _bOhio University Press, _cc2005. |
||
| 300 |
_axxix, 346 p. : _bill., maps. |
||
| 490 | 1 | _aOhio University Press series in ecology and history | |
| 504 | _aIncludes bibliographical references (p. [313]-336) and index. | ||
| 533 |
_aElectronic reproduction. _bPalo Alto, Calif. : _cebrary, _d2009. _nAvailable via World Wide Web. _nAccess may be limited to ebrary affiliated libraries. |
||
| 650 | 0 |
_aSoil erosion _zLesotho _xHistory. |
|
| 650 | 0 |
_aSoil conservation _zLesotho _xHistory. |
|
| 655 | 7 |
_aElectronic books. _2local |
|
| 710 | 2 | _aebrary, Inc. | |
| 830 | 0 | _aOhio University Press series in ecology and history. | |
| 856 | 4 | 0 |
_uhttp://site.ebrary.com/lib/rucke/Doc?id=10091940 _zAn electronic book accessible through the World Wide Web; click to view |
| 999 |
_c52672 _d52672 |
||